000 00541cam a2200193ua 4500
001 11823
008 191111n ii |||gr||||Z||||||eng
020 _a9789350320075
040 _cMAIN
082 _a300.03
100 _aR.C. Saxena . ,
_eAuthor.
245 _aEncyclopedia of Social Science in 21st century :
_bvolume 3 (P to Z) /
_cBy R.C. Saxena .
250 _a1st ed /
_bvol.3.
260 _aJaipur:
_bShree Nivas Publications,
_c2012.
300 _a848p.
653 _aSocial sciences
653 _aEncyclopedia
942 _cBK
999 _c10617
_d10617